Los contratos internacionales de préstamo /

Guardat en:
Dades bibliogràfiques
Autor principal: Fernández Bianchi, Raul
Format: Thesis
Publicat: San José: Universidad de Costa Rica
Etiquetes: Afegir etiqueta
Sense etiquetes, Sigues el primer a etiquetar aquest registre!

MARC

LEADER 00000 a a2200000 04500
001 20958
003
040 |a CRAI/IIS  |c CRAI/IIS 
090 |a 09004.00  
100 |a Fernández Bianchi, Raul  
245 |a Los contratos internacionales de préstamo /  |c Raul Fernández Bianchi 
260 |a San José:   |b Universidad de Costa Rica  
300 |a 222 páginas  
502 |a Tesis (Licenciado en Derecho) -- Universidad de Costa Rica. Facultad de Derecho, 1977  
999 |c 17985  |d 17985